[Event "Gujarat op 2nd"]
[Site "Ahmedabad"]
[Date "2019.09.23"]
[Round "3"]
[White "Souhardo, Basak"]
[Black "Sawant, Akshay"]
[Result "1-0"]
[WhiteElo "2301"]
[BlackElo "1761"]
[PlyCount "83"]
[EventDate "2019.09.22"]
[EventType "swiss"]
[EventRounds "10"]
[EventCountry "IND"]
[SourceTitle "EXT 2020"]
[Source "ChessBase"]
[SourceDate "2019.10.17"]
[SourceVersion "1"]
[SourceVersionDate "2019.10.17"]
[SourceQuality "1"]

1. e4 c5 2. Nf3 e6 3. d4 cxd4 4. Nxd4 Nc6 5. Nc3 Qc7 6. Be3 a6 7. Be2 Nf6 8. a3 b5 9. 0-0 Bb7 10. f4 d6 11. Nxc6 Bxc6 12. Bf3 Be7 13. Qe1 a5 14. Qg3 0-0 15. e5 Nd7 16. exd6 Bxd6 17. Rad1 Bc5 18. Bxc5 Nxc5 19. Bxc6 Qxc6 20. f5 exf5 21. Rd6 Qb7 22. Rxf5 Ne4 23. Nxe4 Qxe4 24. Rxb5 Qxc2 25. h4 Rad8 26. Rxd8 Rxd8 27. Qd6 Qc8 28. Rc5 Qa8 29. Qc7 h6 30. Rxa5 Rd1+ 31. Kh2 Qe8 32. Re5 Qa4 33. Qc8+ Kh7 34. Qf5+ Kg8 35. Qe4 Qxe4 36. Rxe4 f5 37. Re5 Rb1 38. Rb5 Rf1 39. a4 Kf7 40. a5 Kg6 41. a6 Kh5 42. Ra5 1-0

[Event "Mumbai Wealth rating op 4th"]
[Site "Mumbai"]
[Date "2019.01.01"]
[Round "3"]
[White "Negi, Augustiya"]
[Black "Sawant, Akshay"]
[Result "1/2-1/2"]
[WhiteElo "1521"]
[BlackElo "1716"]
[PlyCount "73"]
[EventDate "2018.12.30"]
[EventType "swiss"]
[EventRounds "9"]
[EventCountry "IND"]
[SourceTitle "CBM 188 Extra"]
[Source "ChessBase"]
[SourceDate "2019.02.26"]
[SourceVersion "1"]
[SourceVersionDate "2019.02.26"]
[SourceQuality "1"]

1. d4 d5 2. Nf3 Nf6 3. c4 e6 4. Nc3 c6 5. Bf4 Be7 6. e3 Nbd7 7. cxd5 exd5 8. Bd3 0-0 9. 0-0 h6 10. h3 Re8 11. Qc2 Nf8 12. Rab1 Bd6 13. Bxd6 Qxd6 14. b4 b6 15. Rfc1 Bb7 16. a4 Rac8 17. a5 b5 18. Nd2 Ba8 19. Nf3 Bb7 20. Nd2 Ba8 21. Na2 Rcd8 22. Nb3 Ne6 23. Nc5 Nf8 24. Nc3 Ne6 25. Na2 Ng5 26. Nc3 Re7 27. Ne2 Rde8 28. Ng3 Rd8 29. Ne2 Rde8 30. Ng3 Qd8 31. Nf5 Rc7 32. Na6 Rd7 33. Nc5 Rc7 34. Na6 Rd7 35. Nc5 Rc7 36. Na6 Rd7 37. Nc5 1/2-1/2